| 000 | 00435 a2200169 4500 | ||
|---|---|---|---|
| 001 | 194541 | ||
| 020 | _a9788447111954 | ||
| 040 | _cMagnum | ||
| 100 | _aSTRZALKOWSKA, Margorzata | ||
| 240 | 1 | 0 |
_aA B C... Meus primeiros passos na leitura e na escrita _lpor |
| 245 | 1 | 0 | _aA B C... Meus primeiros passos na leitura e na escrita |
| 300 | _a26 | ||
| 362 | 0 | _a2010 | |
| 440 | 1 | _aSalvat | |
| 697 | _aLITERATURA INFANTIL | ||
| 942 | _cBK | ||
| 999 |
_c194541 _d194541 |
||